01006nam a2200205 a 450000100100000000500170001000800410002704000250006808200200009310000320011324500670014526000940021230000200030650002790032650000430060558600830064865000240073165000270075570000180078200001347020240412074239.0091125s2001 mx r 000 p spa d aDO-SdBNPbspacBNPHU aRD861.44bM632d1 aMieses, Juan Carlos,d1947-10aDesde las islas /cJuan Carlos Mieses; prólogo T. S. Elliot. aChetumal, Quintana Roo :bGobierno del Estado Libre y el Soberano de Quintana Roo,c2001. a79 p. ;c21 cm. aIII Premio Internacional de Poesía Caribeña ¨Nicolás Guillén¨ 2001. Convocado por la Unión Nacional de Escritores y Artistas de Cuba, el Instituto Quitanarroense de Cultura, el H. Ayuntamiento de Othón Blanco y la Fundación Nicolás Guillén.-- En portada. aIncluye datos biográficos del autor. aIII Premio Internacional de Poesía Caribeña ¨Nicolás Guillén¨, 2001. 0aPoesía dominicana 0aLiteratura dominicana.1 aElliot, T. S.